|
|
|
|
| LEADER |
00000nam0a2200000 4500 |
| 001 |
112661 |
| 005 |
20231031121521.0 |
| 035 |
|
|
|a (RuTPU)RU\TPU\book\121818
|
| 090 |
|
|
|a 112661
|
| 100 |
|
|
|a 20070331d1973 k y0rusy50 ca
|
| 101 |
0 |
|
|a rus
|
| 102 |
|
|
|a RU
|
| 105 |
|
|
|a a z 001zy
|
| 200 |
1 |
|
|a Некоторые вопросы методики преподавания иностранных языков в технических вузах
|f Таганрогский радиотехнический институт ; под ред. И. А. Цатуровой
|
| 210 |
|
|
|a Таганрог
|c Изд-во Таганрогского РТИ
|d 1973
|
| 215 |
|
|
|a 141 с.
|c ил.
|
| 225 |
1 |
|
|a Труды института
|h Вып. 36
|
| 320 |
|
|
|a Библиография в конце статей
|
| 610 |
1 |
|
|a иностранные языки
|
| 610 |
1 |
|
|a преподавание
|
| 610 |
1 |
|
|a технические вузы
|
| 610 |
1 |
|
|a методика
|
| 675 |
|
|
|a 4И(07.07)
|v 3
|
| 702 |
|
1 |
|a Цатурова
|b И. А.
|4 340
|
| 712 |
0 |
2 |
|a Таганрогский радиотехнический институт
|2 stltpush
|3 (RuTPU)RU\TPU\col\12259
|
| 801 |
|
1 |
|a RU
|b 63413507
|c 20070331
|g PSBO
|
| 801 |
|
2 |
|a RU
|b 63413507
|c 20150706
|g PSBO
|
| 942 |
|
|
|c BK
|